Lionet & jiné podivné případy /

Kniha fantasy povídek s detektivní zápletkou se i tentokrát odehrává v Anglii ve středověku.

Hlavní autor: Šouflová, Jana, 1975-
Jazyk: Čeština
Vydáno: Praha : Straky na vrbě, 2023
Vydání: První vydání
Edice: Česká fantastika
Témata:
Fyzický popis: 452 stran : ilustrace ; 22 cm
Knihy
Uloženo v:
LEADER 02119nam a2200481 i 4500
001 nkc20233555954
003 CZ PrNK
005 20231115123131.0
007 ta
008 231016s2023 xr a g 000 j cze
015 |a cnb003555954 
020 |a 978-80-88346-25-8  |q (vázáno) :  |c Kč 550,00 
035 |a (OCoLC)1412782791 
040 |a ABG001  |b cze  |e rda 
072 7 |a 821.162.3-3  |x Česká próza  |2 Konspekt  |9 25 
080 |a 821.162.3-32  |2 MRF 
080 |a (0:82-322.9)  |2 MRF 
080 |a (0:82-322.4)  |2 MRF 
100 1 |a Šouflová, Jana,  |d 1975-  |7 xx0010115  |4 aut  |4 ill 
245 1 0 |a Lionet & jiné podivné případy /  |c Jana Maffet Šouflová 
246 3 |a Lionet a jiné podivné případy 
250 |a První vydání 
264 1 |a Praha :  |b Straky na vrbě,  |c 2023 
300 |a 452 stran :  |b ilustrace ;  |c 22 cm 
336 |a text  |b txt  |2 rdacontent 
337 |a bez média  |b n  |2 rdamedia 
338 |a svazek  |b nc  |2 rdacarrier 
490 1 |a Česká fantastika ;  |v svazek 161 
500 |a 1250 výtisků 
520 2 |a Kniha fantasy povídek s detektivní zápletkou se i tentokrát odehrává v Anglii ve středověku.  |b Osm středověkých měst, osm fantasy povídek plných magie, záhad a černého humoru. Spolu s londýnským koronerem Lionetem vyřešíte spor mrtvých profesorů, v Canterbury rozlousknete záhadu vonícího nebožtíka, navštívíte zimní Londýn, kde právě ohledávají tělo nešťastného anděla, a ve slavném Glastonbury zjistíte, zda může kočka sežrat člověka. Nakladatelská anotace. Kráceno. 
655 7 |a české povídky  |7 fd133971  |2 czenas 
655 7 |a fantasy povídky  |7 fd132238  |2 czenas 
655 7 |a detektivní povídky  |7 fd132008  |2 czenas 
655 9 |a Czech short stories  |2 eczenas 
655 9 |a fantasy short stories  |2 eczenas 
655 9 |a detective short stories  |2 eczenas 
830 0 |a Česká fantastika  |0 s 
910 2 |a BOA001  |b 2-1515.828 
920 |a 4886828  |z ABG001 
990 |a BK 
995 |a 01 
991 |b 202311  |c NOV 
996 6 |b 2610953165  |c 2-1515.828  |l MZK  |r Sklad / do 1 hodiny  |n 3  |p p.v.  |w 001944226  |u 000010  |a 1  |e BOA001  |j MZK50  |s P